Catálogo
 En Linea

Los cuentos del otro / (Registro nro. 44419)

Detalles MARC
000 -CABECERA
campo de control de longitud fija 01314nam a2200253 a 4500
001 - NÚMERO DE CONTROL
campo de control 000044930
005 - FECHA Y HORA DE LA ÚLTIMA TRANSACCIÓN
campo de control 20240412074304.0
008 - DATOS DE LONGITUD FIJA--INFORMACIÓN GENERAL
campo de control de longitud fija 150119d2011 dr a 000 j spa d
020 ## - NÚMERO INTERNACIONAL ESTÁNDAR DEL LIBRO
Número Internacional Estándar del Libro 9789945429381
040 ## - FUENTE DE LA CATALOGACIÓN
Centro catalogador/agencia de origen DO-SdBNP
Lengua de catalogación spa
Centro/agencia transcriptor BNPHU
082 ## - NÚMERO DE LA CLASIFICACIÓN DECIMAL DEWEY
Número de clasificación RD863.44
Número de documento/Ítem C957c
100 1# - ENTRADA PRINCIPAL--NOMBRE DE PERSONA
Nombre de persona Cruz Durán, Giovanny,
Fechas asociadas al nombre 1953-
9 (RLIN) 27168
245 14 - MENCIÓN DE TÍTULO
Título Los cuentos del otro /
Mención de responsabilidad, etc. Giovanny Cruz Durán ; ilustración de portada e interiores Leopardo Rodríguez.
260 ## - PUBLICACIÓN, DISTRIBUCIÓN, ETC.
Lugar de publicación, distribución, etc. Santo Domingo :
Nombre del editor, distribuidor, etc. Alfaguara,
Fecha de publicación, distribución, etc. 2011.
300 ## - DESCRIPCIÓN FÍSICA
Extensión 175 p. :
Otras características físicas il. ;
Dimensiones 23 cm.
490 1# - MENCIÓN DE SERIE
Mención de serie Alfaguara
500 ## - NOTA GENERAL
Nota general Incluye datos biográficos del autor en la solapa de la cubierta
505 0# - NOTA DE CONTENIDO CON FORMATO
Título Escritor desconocido --
-- Un hombre lobo en Las Calderas --
-- Primera pelea --
-- Las leyendas --
-- La princesa ciguaya --
-- La ciguapa y el último ciguayo --
-- El puerco del diablo --
-- El Tiburón Bolo --
-- Las hechiceras --
-- Anaísa, compai, Anaísa --
-- La vieja Marcial y su Metresilí --
-- Servidora de los indios --
-- La Viudita --
-- La Casa de los Gatos --
-- Consagrada actuación --
-- Intriga después de San Andrés --
-- La muñeca encantada --
-- La China --
-- Epílogo.
590 ## - NOTA LOCAL (RLIN)
Nota local Inventariado, 2019/BT
650 #0 - PUNTO DE ACCESO ADICIONAL DE MATERIA--TÉRMINO DE MATERIA
Término de materia o nombre geográfico como elemento de entrada Cuentos dominicanos
9 (RLIN) 176
650 #0 - PUNTO DE ACCESO ADICIONAL DE MATERIA--TÉRMINO DE MATERIA
Término de materia o nombre geográfico como elemento de entrada Literatura dominicana.
9 (RLIN) 67
830 #0 - PUNTO DE ACCESO ADICIONAL DE SERIE-TÍTULO UNIFORME
Título uniforme Alfaguara
9 (RLIN) 6669
910 ## - DATOS DE OPCIÓN DEL USUARIO (OCLC)
Datos de opción del usuario Validado. Control de calidad. MFF
Existencias
Estado de retiro Estado de pérdida Restricciones de uso No para préstamo Código de colección Localización permanente Ubicación/localización actual Ubicación en estantería Fecha de adquisición Número de inventario Total de préstamos Signatura topográfica completa Código de barras Fecha visto por última vez Número de copia Precio válido a partir de Tipo de ítem Koha Nota pública
        Dominicana de Servicio General General Depósito 19.01.2015 LF1   RD863.44 C957c 44930-30 25.06.2020 e. 3 25.06.2020 Libro y Folleto Colección Dominicana de Servicio  
        Dominicana de Servicio General General Depósito 30.05.2019 LF1   RD863.44 C957c 44930-40 25.06.2020 e. 4 25.06.2020 Libro y Folleto Colección Dominicana de Servicio Perteneció a la biblioteca de Bárbara Suncar.
      Excluido de préstamo Patrimonio Dominicano Patrimonio Dominicano Patrimonio Dominicano Depósito 19.01.2015 LF1   RD863.44 C957c 44930-10 25.06.2020   25.06.2020 Libro y Folleto Colección Patrimonio Dominicano  
      Excluido de préstamo Patrimonio Dominicano Patrimonio Dominicano Patrimonio Dominicano Depósito 19.01.2015 LF1   RD863.44 C957c 44930-20 25.06.2020 e. 2 25.06.2020 Libro y Folleto Colección Patrimonio Dominicano  

Con tecnología Koha